Local networks

Αποθηκεύτηκε σε:
Λεπτομέρειες βιβλιογραφικής εγγραφής
Κύριος συγγραφέας: Stallings, William
Μορφή: Βιβλίο
Γλώσσα:English
Δημοσίευση: New York : London : Macmillan Publishing Company ; , Collier Macmillan Publishers, c1990
Έκδοση:3rd ed.
Θέματα:
Ετικέτες: Προσθήκη ετικέτας
Δεν υπάρχουν, Καταχωρήστε ετικέτα πρώτοι!

MARC

LEADER 00000nam a2200000 i 4500
001 1/40613
008 971114s1990 eng d
020 |a 0024155314 
035 |a 1997  |c ΔΩΡΕΑ ΤΖΑΦΕΡΗ  |l 10041296 
040 |a GR-MY-UA  |b gre  |e aacr 
041 0 |a eng 
082 0 |a 004.68 
100 1 |a Stallings, William. 
245 1 0 |a Local networks /  |c William Stallings 
250 |a 3rd ed. 
260 |a New York :   |a London :   |b Macmillan Publishing Company ; ,   |b Collier Macmillan Publishers,   |c c1990 
300 |a 510 p.;  |b ill.;  |c 24 cm. 
500 |a Includes bibliographical references and index 
650 0 0 |a Computer networks. 
650 0 0 |a Electronic data processing  |x Distributed processing. 
650 0 0 |a Local area networks (Computer networks) 
852 |a INST  |b SAMOS  |e 19971114  |h 004.68 STA  |p 005300008498  |q 005300008498  |t BK  |y 0 
901 |a BIBL-1997-2 
909 |a Σ  |b 050396